Indice de legislación municipal, siglo XIX

Salvato in:
Dettagli Bibliografici
Autore principale: Bustilllos Robledo, Walter
Natura: testo
Pubblicazione: San José: IFAM
Tags: Aggiungi Tag
Nessun Tag, puoi essere il primo ad aggiungerne!!

MARC

LEADER 00000 a a2200000 04500
001 14604
003
040
090 |a 021400  
100 |a Bustilllos Robledo, Walter  
245 |a Indice de legislación municipal, siglo XIX  
260 |a San José:   |b IFAM  
300 |a 58 p.  
999 |c 10746  |d 10746